|
|
|
|
| LEADER |
00000cam a2200000 a 4500 |
| 001 |
53490 |
| 003 |
CZ-ZlUTB |
| 005 |
20190826001903.0 |
| 007 |
ta |
| 008 |
091006s2009 xr f p 000 0 cze d |
| 020 |
|
|
|a 9788073151829
|q (brož.)
|
| 040 |
|
|
|a ZLD002
|b cze
|
| 072 |
|
7 |
|a 616-053.2
|x Pediatrie
|2 Konspekt
|9 14
|
| 072 |
|
7 |
|a 37.016
|x Učební osnovy. Vyučovací předměty. Učebnice
|2 Konspekt
|9 22
|
| 080 |
|
|
|a 616-053.2
|2 MRF
|
| 080 |
|
|
|a 612.65
|2 MRF
|
| 080 |
|
|
|a 376
|2 MRF
|
| 080 |
|
|
|a (075.8)
|2 MRF
|
| 100 |
1 |
|
|a Mrzena, Bohuslav,
|d 1938-
|7 skuk0004215
|4 aut
|
| 245 |
1 |
0 |
|a Pediatrie :
|b vybrané kapitoly pro studující speciální pedagogiky Pedagogické fakulty Univerzity Karlovy v Praze /
|c Bohuslav Mrzena
|
| 250 |
|
|
|a 1. vyd.
|
| 260 |
|
|
|a Brno :
|b Paido,
|c 2009
|
| 300 |
|
|
|a 109 s. ;
|c 23 cm
|
| 504 |
|
|
|a Obsahuje bibliografii
|
| 650 |
0 |
7 |
|a pediatrie
|7 ph115705
|2 czenas
|
| 650 |
0 |
7 |
|a vývoj dítěte
|7 ph127471
|2 czenas
|
| 650 |
0 |
7 |
|a speciální pedagogika
|7 ph116230
|2 czenas
|
| 650 |
0 |
9 |
|a pediatrics
|2 eczenas
|
| 650 |
0 |
9 |
|a child development
|2 eczenas
|
| 650 |
0 |
9 |
|a special education
|2 eczenas
|
| 655 |
|
7 |
|a učebnice vysokých škol
|7 fd133772
|2 czenas
|
| 655 |
|
9 |
|a textbooks (higher)
|2 eczenas
|
| 910 |
|
|
|a ZLD002
|
| 928 |
1 |
|
|a Paido - nakladatelství Vladimír Jůva
|
| 952 |
|
|
|0 0
|1 0
|4 0
|6 61MRZENAB
|7 0
|8 BOOK
|9 97395
|a UTBZL
|b UTBZL
|c 005
|d 2009-10-06
|l 0
|o 61/MRZENA,B.
|p 420010127791
|r 2019-08-26 00:00:00
|v 116.00
|w 2019-08-26
|x N: nákup | 20100831
|y 01
|
| 952 |
|
|
|0 0
|1 0
|4 0
|6 61MRZENAB
|7 0
|8 BOOK
|9 97396
|a UTBZL
|b UTBZL
|c 006
|d 2009-10-06
|l 8
|o 61/MRZENA,B.
|p 420010127792
|r 2019-08-26 00:00:00
|v 116.00
|w 2019-08-26
|x N: nákup
|y 04
|
| 952 |
|
|
|0 0
|1 0
|4 0
|6 61MRZENAB
|7 0
|8 BOOK
|9 97397
|a UTBZL
|b UTBZL
|c 006
|d 2009-10-06
|l 11
|m 2
|o 61/MRZENA,B.
|p 420010127793
|r 2023-09-06 00:00:00
|s 2023-05-31
|v 116.00
|w 2019-08-26
|x N: nákup
|y 04
|
| 992 |
|
|
|a BK
|b SK
|d 18
|
| 998 |
|
|
|a 001967495
|
| 999 |
|
|
|c 53490
|d 53490
|